_Teaching of African Literature in Schools (Record no. 5975)
[ view plain ]
| 000 -LEADER | |
|---|---|
| fixed length control field | 00286nam a2200097Ia 4500 |
| 008 - FIXED-LENGTH DATA ELEMENTS--GENERAL INFORMATION | |
| fixed length control field | 151021s9999 xx 000 0 und d |
| 245 ## - TITLE STATEMENT | |
| Title | _Teaching of African Literature in Schools |
| 260 ## - PUBLICATION, DISTRIBUTION, ETC. (IMPRINT) | |
| Place of publication, distribution, etc. | Nairobi Kenya Literature Bureau 1978 |
| 300 ## - PHYSICAL DESCRIPTION | |
| Extent | v,245p |
| 980 ## - EQUIVALENCE OR CROSS-REFERENCE-SERIES STATEMENT--PERSONAL NAME/TITLE [LOCAL, CANADA] | |
| Personal name | ^d20110107 04:39:21^oanne |
No items available.